LIBRARY ONLINE CATALOGUE

Thinking beyond technology : (Record no. 5447)

MARC details
000 -LEADER
fixed length control field 00840cam a22002412 4500
001 - CONTROL NUMBER
control field 0000001775
005 - DATE AND TIME OF LATEST TRANSACTION
control field 20151217151828.0
008 - FIXED-LENGTH DATA ELEMENTS--GENERAL INFORMATION
fixed length control field 070326s xx 000 0 eng d
020 ## - INTERNATIONAL STANDARD BOOK NUMBER
International Standard Book Number 1403902550 :
Terms of availability KES 4,060
040 ## - CATALOGING SOURCE
Original cataloging agency KABU
Transcribing agency KABU
050 #0 - LIBRARY OF CONGRESS CALL NUMBER
Classification number HD45
Item number .D58
100 1# - MAIN ENTRY--PERSONAL NAME
Personal name DiVanna, Joseph A.
-- 0000150789
245 10 - TITLE STATEMENT
Title Thinking beyond technology :
Remainder of title creating new value in business /
Statement of responsibility, etc. Joseph DiVanna.
260 ## - PUBLICATION, DISTRIBUTION, ETC. (IMPRINT)
Place of publication, distribution, etc. Houndmills, Basingstoke, Hamshire ;
-- New York :
Name of publisher, distributor, etc. Palgrave Macmillan,
Date of publication, distribution, etc. 2002.
300 ## - PHYSICAL DESCRIPTION
Extent xiii, 226 p. :
Other physical details ill. ;
Dimensions 25 cm.
504 ## - BIBLIOGRAPHY, ETC. NOTE
Bibliography, etc Includes bibliographical references and index.
650 #0 - SUBJECT ADDED ENTRY--TOPICAL TERM
Topical term or geographic name as entry element Technological innovations.
-- 0000033363
650 #0 - SUBJECT ADDED ENTRY--TOPICAL TERM
Topical term or geographic name as entry element Organizational behavior.
-- 0000150790
650 #0 - SUBJECT ADDED ENTRY--TOPICAL TERM
Topical term or geographic name as entry element Value.
-- 0000150791
908 ## - PUT COMMAND PARAMETER (RLIN)
Put command parameter 070326
950 ## - LOCAL HOLDINGS (RLIN)
-- 1
Holdings
Withdrawn status Lost status Source of classification or shelving scheme Not for loan Home library Current library Date acquired Total Checkouts Full call number Barcode Date last seen Price effective from Koha item type
    Library of Congress Classification   Kabarak, Main Campus Kabarak, Main Campus 17/12/2015   HD45 .D58 002340 02/08/2024 17/12/2015 General Collection